000 00677nam a2200217 i 4500
001 115280
003 ES-MaACL
005 20250918183858.0
007 t|
008 070228s1909 sp ||||1| spa d
080 _a821.134.2-32"19"
100 1 _aLópez de Haro, Rafael.
_973547
245 1 0 _aDel Tajo en la ribera
_b: novela /
_cRafael lópez de Haro ; ilustraciones de Agustín.
260 _aMadrid :
_bEl Cuento Semanal,
_c1909.
300 _a18 p. :
_bil. ;
_c26 cm.
490 1 _aEl cuento semanal ;
_v149
700 0 _aAgustín,
_dca. 1878-1935
_9171519
830 0 3 _aEl cuento semanal
_v149
_9185957
852 _aES-MaACL
_jG-4444(19)
999 _c115280
_d115280